| 000 | 01113nam a22003497a 4500 | ||
|---|---|---|---|
| 003 | CHAP | ||
| 005 | 20220901152905.0 | ||
| 008 | 971013s1973 r 00010 d | ||
| 010 | _a42041 | ||
| 011 | _a43013 | ||
| 035 | _a47143 | ||
| 040 | _cCHAP | ||
| 090 | _aFolleto 2136 | ||
| 110 |
_aE.U.A. Department of Agriculture _934876 |
||
| 245 | _aCría del cerdo | ||
| 260 |
_aMéxico, D. F. : _bCentro Regional de Ayuda Técnica, _c1973 |
||
| 300 |
_a30 p. _b: ilus. |
||
| 490 |
_aFarmer's bulletin _v; 2166 |
||
| 500 | _a7 copia en bodega | ||
| 590 |
_aBATCH-UPD _b10 _c20130110 |
||
| 590 |
_aBATCH-UPD _b10 _c20130410 |
||
| 590 |
_aBATCH-UPD _b10 _c20130914 |
||
| 590 |
_aCONVERSION _b10 _c20130109 |
||
| 650 | 1 | 4 |
_aGanado porcino _xCría de. _945350 |
| 830 | 0 |
_aFarmer's bulletin _v; 2166 _939770 |
|
| 901 | _aBK | ||
| 942 |
_cFOLL _2local |
||
| 949 |
_aFolleto 2136 _bBC _cFOLL _d-107217 _eTS1 _i47143 _si |
||
| 949 |
_aFolleto 2136 _bBC _cFOLL _d-107218 _eTS2 _fc.2 _i47143 _si |
||
| 949 |
_aFolleto 2136 _bBC _cFOLL _d-107219 _eTS2 _fc.3 _i47143 _si |
||
| 949 |
_aFolleto 2136 _bBC _cFOLL _d-138820 _eBPA _fc.4 _i47143 _si |
||
| 999 |
_c42041 _d42041 |
||